000
00275nam a2200097Ia 4500
001
653840
005
20250826154506.0
008
250824s9999 xx 000 0 und d
245
0
_a
KÜÇÜK CADI ŞEROKS'UN 2.MACERASI/ BÜYÜK TUZAK
_c
ASLI DER
260
_b
GÜNIŞIĞI YAYINLARI
999
_c
653840
_d
653840